000
00339 a2200169 4500
001
187966
020
_a
978-85-16-05729-9
040
_c
Magnum
100
_a
Barros, Sônia
240
1
0
_a
Coisa boa
_l
por
245
1
0
_a
Coisa boa
300
_a
46
362
0
_a
2008
440
1
_a
Moderna
697
_a
LITERATURA INFANTO
942
_c
BK
999
_c
187966
_d
187966